000 00679nam a2200193Ii 4500
003 JO-AjNU
008 230605s9999||||xx |||||||||||||| ||und||
040 _aJO-AjNU
_bara
_erda
_cJO-AjNU
041 _aara
050 1 4 _aZ3681.I57 2000
100 3 _aجمع وإعداد العنابي، زهر,
_eauthor
_923784
245 0 0 _aسلسلة في الإنتاج الفكري الجزائري، الجزء الثامن
264 3 1 _aالجزائر: د.ن، 2000
300 _aج8، 267ص
336 _atext
_btxt
_2rdacontent
337 _aunmediated
_bn
_2rdamedia
338 _avolume
_bnc
_2rdacarrier
650 4 _aالانتاج الفكري - الجزائر - تاريخ
_923785
999 _aA8659
_c12227
_d12227